Dugonics András pusztuló síremléke
Elmentve itt :
| Szerző: | |
|---|---|
| Dokumentumtípus: | Cikk |
| Megjelent: |
1924-05-14
|
| Sorozat: | Délmagyarország
5 No. 110 |
| Kulcsszavak: | Dugonics András, Síremlék Szeged 1924, Szeged |
| Online Access: | http://dmarchiv.bibl.u-szeged.hu/45429 |
| LEADER | 00477nab a2200157 i 4500 | ||
|---|---|---|---|
| 001 | delm45429 | ||
| 005 | 20180927131919.0 | ||
| 008 | 180927s1924 hu o 0|| hun d | ||
| 040 | |a SZTE Délmagyarország Archívum |b hun | ||
| 041 | |a hun | ||
| 100 | 3 | |a (m.l.) | |
| 245 | 1 | 0 | |a Dugonics András pusztuló síremléke |h [elektronikus dokumentum] / |c (m.l.) |
| 260 | |c 1924-05-14 | ||
| 300 | |a 2 | ||
| 490 | 0 | |a Délmagyarország |v 5 No. 110 | |
| 695 | |a Dugonics András, Síremlék Szeged 1924, Szeged | ||